000 00608nam a2200193 a 4500
005 20240413063721.0
008 991125s1992 mx 000 0 spa u
020 _a9686382658
035 _aUPN01000001381
049 _aI
050 4 _aF1233
_bE8.2
100 1 _aEscandón, Patricia
245 1 0 _aAl servicio de su magestad imperial :
_bun oficial de Húsares en México /
_cPatricia Escandón.
260 _aMéxico :
_bInstituto Mora,
_c1992.
300 _a47 p. :
_bil.
440 3 _aEl tiempo vuela
651 4 _aMéxico
_xHistoria
_yIntervención y Segundo Imperio, 1861-1867
_910588
905 _aInfantil
999 _c1381
_d1381